[Event "XLIX Festival A"]
[Site "Imperia ITA"]
[Date "2007.09.05"]
[Round "4"]
[White "Gervasio, Francesco"]
[Black "Morselli, Stefano"]
[WhiteElo "2055"]
[BlackElo "1860"]
[Result "0-1"]
[PlyCount "62"]
[EventDate "2007.09.02"]

1. e4 g6 2. d4 Bg7 3. Nc3 d6 4. Be3 Nf6 5. f3 c6 6. a4 O-O 7. Nge2 Na6 8. Qd2
Nc7 9. g4 e5 10. O-O-O Bxg4 11. dxe5 dxe5 12. Qe1 Bd7 13. h4 Qe7 14. Ng3 h5 15.
Bd3 a5 16. Qf2 Ne6 17. Rhg1 b5 18. Nge2 b4 19. Nb1 c5 20. b3 Bc6 21. Nd2 Qe8
22. Bc4 Bxa4 23. Bxe6 Qxe6 24. bxa4 Qa2 25. Bxc5 Rfd8 26. Nb3 Bh6+ 27. Be3 Rdc8
28. Rd2 Qxb3 29. Bxh6 Qa3+ 30. Kd1 b3 31. c3 b2 0-1

[Event "XLIX Festival A"]
[Site "Imperia ITA"]
[Date "2007.09.05"]
[Round "4"]
[White "Isonzo, David"]
[Black "Mazur, Stefan"]
[WhiteElo "2356"]
[BlackElo "2070"]
[Result "1-0"]
[PlyCount "43"]
[EventDate "2007.09.02"]

1. e4 e5 2. Nf3 Nc6 3. Bb5 a6 4. Bxc6 dxc6 5. O-O Qd6 6. Na3 Be6 7. Qe2 f6 8.
Rd1 Bg4 9. Nc4 Qe6 10. Ne3 Bxf3 11. Qxf3 Bc5 12. Nf5 Qf7 13. d4 exd4 14. Nxg7+
Qxg7 15. Qh5+ Qg6 16. Qxc5 Qxe4 17. Bh6 O-O-O 18. Bg7 Rd5 19. Qf8+ Rd8 20. Qa3
Ne7 21. Bxh8 Rg8 22. Qh3+ 1-0

[Event "XLIX Festival A"]
[Site "Imperia ITA"]
[Date "2007.09.05"]
[Round "4"]
[White "Lenz, Alarich"]
[Black "Mela, Riccardo"]
[WhiteElo "2207"]
[BlackElo "2044"]
[Result "1-0"]
[PlyCount "105"]
[EventDate "2007.09.02"]

1. d4 Nf6 2. c4 e6 3. Nc3 d5 4. cxd5 exd5 5. Bg5 Be7 6. e3 O-O 7. Bd3 c6 8. Qc2
h6 9. Bh4 Re8 10. Nf3 Ne4 11. Bxe7 Qxe7 12. O-O-O Nd7 13. h3 b5 14. Bxe4 dxe4
15. Nd2 Nf6 16. Nb3 b4 17. Na4 Be6 18. Kb1 Bd5 19. Rc1 Nd7 20. Nac5 Nb6 21. Na5
Rec8 22. Qd2 Rab8 23. Na6 Na4 24. Nxb8 Rxb8 25. Nxc6 Bxc6 26. Rxc6 Nc3+ 27.
Rxc3 bxc3 28. Qxc3 Rb5 29. Rc1 Rg5 30. g3 Qf6 31. Qe1 Rf5 32. Rc2 a5 33. b3 Qb6
34. Qc3 Qf6 35. Qd2 Qa6 36. d5 a4 37. d6 axb3 38. axb3 Ra5 39. Qc3 Rd5 40. Qc8+
Qxc8 41. Rxc8+ Kh7 42. Rc6 f6 43. Kc2 Kg6 44. b4 Kf7 45. Rc4 Rxd6 46. Rxe4 f5
47. Rd4 Rc6+ 48. Kb3 Ke6 49. b5 Rc1 50. Kb4 Rc2 51. b6 Rxf2 52. Kb5 Rb2+ 53.
Rb4 1-0

[Event "XLIX Festival A"]
[Site "Imperia ITA"]
[Date "2007.09.05"]
[Round "4"]
[White "Likavsky, Tomas"]
[Black "Froeschl, Felix"]
[WhiteElo "2494"]
[BlackElo "2191"]
[Result "1-0"]
[PlyCount "63"]
[EventDate "2007.09.02"]

1. d4 Nf6 2. c4 c5 3. d5 e5 4. Nc3 d6 5. e4 Nbd7 6. Be2 h5 7. h4 a6 8. Nh3 Be7
9. g3 g6 10. Bd2 Rb8 11. Qc2 Kf8 12. a4 Kg7 13. b3 Ne8 14. a5 b6 15. axb6 Qxb6
16. Ra3 Bf6 17. Nd1 Qd8 18. Nb2 Qe7 19. Nd3 Nc7 20. Ng5 Bxg5 21. hxg5 Na8 22.
Qc1 Nab6 23. Bc3 f6 24. gxf6+ Nxf6 25. Qg5 Kf7 26. Bxe5 Nxc4 27. bxc4 Rb1+ 28.
Bd1 Bg4 29. O-O Rxd1 30. Rxd1 Bxd1 31. Rxa6 Re8 32. Rxd6 1-0

[Event "XLIX Festival A"]
[Site "Imperia ITA"]
[Date "2007.09.05"]
[Round "4"]
[White "Malano, Francesco"]
[Black "Del Dotto, Riccardo"]
[WhiteElo "1980"]
[BlackElo "2168"]
[Result "0-1"]
[PlyCount "44"]
[EventDate "2007.09.02"]

1. Nf3 d5 2. b3 Nf6 3. Bb2 c6 4. e3 Bf5 5. Be2 h6 6. O-O e6 7. Ne5 Nbd7 8. f4
Nxe5 9. Bxe5 Bd6 10. Bxd6 Qxd6 11. h3 O-O-O 12. d3 g5 13. g4 Bg6 14. Kg2 h5 15.
Nd2 hxg4 16. Bxg4 Nxg4 17. hxg4 Rh4 18. Qf3 f5 19. gxf5 Bh5 20. Qf2 Rg4+ 21.
Kh3 exf5 22. fxg5 Bg6 0-1

[Event "XLIX Festival A"]
[Site "Imperia ITA"]
[Date "2007.09.05"]
[Round "4"]
[White "Mozny, Milos"]
[Black "Bertino, Paolo"]
[WhiteElo "2373"]
[BlackElo "2103"]
[Result "1-0"]
[PlyCount "77"]
[EventDate "2007.09.02"]

1. d4 d5 2. Nf3 Bf5 3. c4 c6 4. cxd5 cxd5 5. Nc3 Nf6 6. Qb3 Bc8 7. Bf4 e6 8. e3
Bd6 9. Ne5 O-O 10. Bd3 Nc6 11. O-O Ne7 12. h3 a6 13. Na4 Rb8 14. Rfc1 b5 15.
Nc5 Qb6 16. a4 Rd8 17. axb5 axb5 18. Qb4 Nc6 19. Nxc6 Qxc6 20. Bxd6 Qxd6 21.
Ra5 Bd7 22. Bxb5 Bxb5 23. Rxb5 Rxb5 24. Qxb5 Rb8 25. Qa6 Ne8 26. Qa4 Qb6 27. b3
Nf6 28. Na6 Ra8 29. Rc6 Qb7 30. b4 g6 31. b5 Ne4 32. Qb4 Nd2 33. g3 Nc4 34. Qc5
Qd7 35. Nb4 e5 36. Nxd5 Ra1+ 37. Kg2 Nxe3+ 38. Nxe3 exd4 39. Ng4 1-0

[Event "XLIX Festival A"]
[Site "Imperia ITA"]
[Date "2007.09.05"]
[Round "4"]
[White "Poloch, Petr"]
[Black "Sulava, Nenad"]
[WhiteElo "2308"]
[BlackElo "2544"]
[Result "0-1"]
[PlyCount "54"]
[EventDate "2007.09.02"]

1. b3 d5 2. Bb2 Bg4 3. g3 Nc6 4. Bg2 e5 5. d3 f5 6. Nf3 Bd6 7. Nbd2 Nf6 8. d4
Bxf3 9. Bxf3 e4 10. Bg2 O-O 11. c4 e3 12. fxe3 Ng4 13. Bxd5+ Kh8 14. Bxc6 bxc6
15. c5 Nxe3 16. Qc1 Be7 17. Nf3 Bg5 18. Nxg5 Qxg5 19. Bc3 f4 20. Bd2 Qd5 21.
Rg1 Qxd4 22. Qc3 Nc2+ 23. Kd1 Qxg1+ 24. Kxc2 Qxh2 25. gxf4 Qxe2 26. Re1 Qh5 27.
Be3 Rae8 0-1

[Event "XLIX Festival A"]
[Site "Imperia ITA"]
[Date "2007.09.05"]
[Round "4"]
[White "Raineri, Valerio"]
[Black "Stoppa, Omar"]
[WhiteElo "2108"]
[BlackElo "2226"]
[Result "0-1"]
[PlyCount "85"]
[EventDate "2007.09.02"]

1. e4 e6 2. Qe2 Be7 3. f4 d5 4. d3 b6 5. e5 c5 6. Nf3 Nh6 7. g3 Bb7 8. Bh3 Nf5
9. O-O h5 10. c3 g6 11. Na3 Na6 12. Nc2 Nc7 13. Bd2 Qd7 14. Rfc1 a5 15. b4 d4
16. bxa5 dxc3 17. Bxc3 bxa5 18. Bg2 Nd5 19. Be1 Nb4 20. Bxb4 axb4 21. Nd2 Bxg2
22. Qxg2 Rd8 23. Ne1 h4 24. Ne4 hxg3 25. hxg3 c4 26. dxc4 Qd4+ 27. Nf2 Nxg3 28.
Rd1 Ne2+ 29. Kf1 Qxc4 30. Rxd8+ Bxd8 31. Nfd3 Nxf4 32. Qf3 Nxd3 33. Nxd3 Rh5
34. Rc1 Qxc1+ 35. Nxc1 Rf5 36. Ke2 Rxf3 37. Kxf3 Kd7 38. Nd3 Be7 39. Ke4 Kc6
40. Kd4 Kb5 41. Nb2 f5 42. Nd3 g5 43. Nf2 0-1

[Event "XLIX Festival A"]
[Site "Imperia ITA"]
[Date "2007.09.05"]
[Round "4"]
[White "Ricca, Giorgio"]
[Black "Jurek, Josef"]
[WhiteElo "2053"]
[BlackElo "2350"]
[Result "1/2-1/2"]
[PlyCount "104"]
[EventDate "2007.09.02"]

1. e4 Nf6 2. e5 Nd5 3. Nc3 Nxc3 4. bxc3 d6 5. exd6 Qxd6 6. Nf3 g6 7. Bc4 Bg7 8.
O-O O-O 9. a4 c5 10. Re1 Nc6 11. Ba3 b6 12. Qe2 Bg4 13. Rad1 Ne5 14. d4 Nxc4
15. Qxc4 Bxf3 16. gxf3 Qf4 17. Qd5 Rfd8 18. Qe4 Qxe4 19. fxe4 e6 20. Bb2 Rac8
21. dxc5 bxc5 22. Kf1 Be5 23. h3 c4 24. Ke2 Rxd1 25. Rxd1 Rb8 26. Ba3 Bxc3 27.
Rd7 a5 28. Rc7 Bb4 29. Bc1 c3 30. Bg5 Kg7 31. e5 h6 32. Bf6+ Kg8 33. f4 Rf8 34.
Kd3 Kh7 35. h4 g5 36. fxg5 hxg5 37. Bxg5 Kg6 38. Bf6 Kh5 39. Rc4 Rg8 40. Bg5
Kg6 41. Ke4 Rb8 42. Kd3 Rb7 43. Rf4 Rd7+ 44. Rd4 Rb7 45. Rc4 Kf5 46. Bf6 Rb8
47. Rc7 Kg6 48. Bg5 Rh8 49. Bf6 Rh5 50. Bg5 Rh7 51. Rc4 Kf5 52. Bf6 Rh6 1/2-1/2

[Event "XLIX Festival A"]
[Site "Imperia ITA"]
[Date "2007.09.05"]
[Round "4"]
[White "Schacher, Gerd"]
[Black "Di Paolo, Raffaele"]
[WhiteElo "2288"]
[BlackElo "2357"]
[Result "0-1"]
[PlyCount "92"]
[EventDate "2007.09.02"]

1. d4 e6 2. c4 f5 3. Nf3 Nf6 4. g3 d5 5. Bg2 c6 6. O-O Bd6 7. Nc3 O-O 8. Bf4
Bxf4 9. gxf4 Ne4 10. e3 Nd7 11. Nxe4 fxe4 12. Ne5 Nxe5 13. fxe5 Qg5 14. f4 exf3
15. Rxf3 Bd7 16. Rg3 Qe7 17. Qe2 Be8 18. Rf1 Bg6 19. Rxf8+ Rxf8 20. cxd5 cxd5
21. Rf3 Rc8 22. Rf2 Qg5 23. Qf3 h6 24. Qf4 Qxf4 25. exf4 Bf5 26. Rd2 Kf7 27.
Kf2 a5 28. Ke3 Rc1 29. Bf3 b5 30. Rd1 Rc7 31. a3 b4 32. axb4 axb4 33. Bh5+ g6
34. Be2 g5 35. fxg5 hxg5 36. Rg1 Rc2 37. Rxg5 Rxb2 38. h4 b3 39. Bd3 Bxd3 40.
Kxd3 Rh2 41. Rh5 b2 42. Rh7+ Kg6 43. Rb7 Rxh4 44. Rxb2 Rh3+ 45. Kd2 Rh2+ 46.
Kc3 Rxb2 0-1

[Event "XLIX Festival A"]
[Site "Imperia ITA"]
[Date "2007.09.05"]
[Round "4"]
[White "Tomassoni, Leonardo"]
[Black "Spinelli, Doriano"]
[WhiteElo "1987"]
[BlackElo "2155"]
[Result "0-1"]
[PlyCount "90"]
[EventDate "2007.09.02"]

1. e4 d5 2. exd5 Nf6 3. Bc4 g6 4. Nc3 Bg7 5. d4 O-O 6. Nge2 Nbd7 7. Bb3 b5 8.
Nxb5 a6 9. Nbc3 Nb6 10. Nf4 Bb7 11. O-O Nbxd5 12. Nfxd5 Nxd5 13. Nxd5 Bxd5 14.
Bxd5 Qxd5 15. c3 Rab8 16. Qe2 e5 17. dxe5 Bxe5 18. Be3 Qb7 19. f4 Bg7 20. Rab1
Rfe8 21. Qd2 Rbd8 22. Qf2 Qd5 23. a3 Qd3 24. Rbe1 Rd5 25. h3 Rb5 26. Ba7 Ra8
27. Rd1 Qe4 28. Bd4 Rab8 29. b4 a5 30. Bxg7 Kxg7 31. Rfe1 Qc4 32. Qe3 axb4 33.
cxb4 Ra8 34. Rc1 Qa2 35. Ra1 Qb2 36. Reb1 Qf6 37. Qe4 Ra4 38. Qc2 Ra7 39. Qc4
Qb6+ 40. Kh1 c5 41. Qc3+ f6 42. Qc4 cxb4 43. a4 Rc5 44. Qxb4 Rc1+ 45. Kh2 Qxb4
0-1

[Event "XLIX Festival A"]
[Site "Imperia ITA"]
[Date "2007.09.05"]
[Round "4"]
[White "Vrana, Frantisek"]
[Black "Pesce, Gabriele"]
[WhiteElo "2304"]
[BlackElo "2000"]
[Result "1-0"]
[PlyCount "57"]
[EventDate "2007.09.02"]

1. e4 c5 2. Nf3 Nc6 3. g3 Nf6 4. Nc3 d5 5. exd5 Nxd5 6. Bg2 Nxc3 7. bxc3 g6 8.
Qe2 Bg7 9. Qb5 Qd5 10. O-O O-O 11. Ne1 Qh5 12. Nd3 e5 13. Nxc5 Bh3 14. Nxb7
Bxg2 15. Kxg2 Rfc8 16. Nd6 Rc7 17. Re1 Rd8 18. Ba3 Qh6 19. Qd5 Bf8 20. c4 Rcd7
21. c5 Nd4 22. Rac1 Qxd2 23. c3 Qd3 24. Re3 Qa6 25. cxd4 Bh6 26. Rf3 Bxc1 27.
Bxc1 Qa5 28. dxe5 Qc7 29. c6 1-0

[Event "XLIX Festival A"]
[Site "Imperia ITA"]
[Date "2007.09.05"]
[Round "5"]
[White "Barlocco, Carlo"]
[Black "Cugini, Verter"]
[WhiteElo "2116"]
[BlackElo "2199"]
[Result "1/2-1/2"]
[PlyCount "106"]
[EventDate "2007.09.02"]

1. d4 d6 2. e4 Nf6 3. Nc3 g6 4. Bg5 Bg7 5. e5 Nfd7 6. f4 Nb6 7. Nf3 O-O 8. Bd3
Nc6 9. O-O Nb4 10. Be2 Bf5 11. Rc1 f6 12. exf6 exf6 13. Bh4 d5 14. a3 Nc6 15.
Re1 Qd7 16. Bf2 Rae8 17. Qd2 Bh6 18. g3 Rf7 19. Nh4 Bh3 20. Ng2 Rfe7 21. b3 a6
22. Ne3 Be6 23. Bf3 Bf7 24. Ng4 Bg7 25. Rxe7 Nxe7 26. a4 h5 27. Ne3 Qd6 28. a5
Nd7 29. Ne2 c6 30. c4 f5 31. c5 Qc7 32. Rd1 Nf6 33. Nc1 Ne4 34. Qb4 Nc8 35. Nd3
Na7 36. Ne5 Nb5 37. Bxe4 fxe4 38. Qd2 Bh6 39. Ng2 Re6 40. Be3 Kh7 41. Rf1 Be8
42. f5 Bxe3+ 43. Nxe3 gxf5 44. Rxf5 Qg7 45. Ng2 Qh6 46. Nf4 Rf6 47. Rxf6 Qxf6
48. Kf2 Nc7 49. Kg2 Bf7 50. Qe2 Kh6 51. Qe3 Kh7 52. Qe2 Kh6 53. Qe3 Kh7 1/2-1/2

[Event "XLIX Festival A"]
[Site "Imperia ITA"]
[Date "2007.09.05"]
[Round "5"]
[White "Bertino, Paolo"]
[Black "Blasco, Domenico"]
[WhiteElo "2103"]
[BlackElo "1981"]
[Result "1-0"]
[PlyCount "47"]
[EventDate "2007.09.02"]

1. d4 Nf6 2. Bg5 c5 3. Bxf6 exf6 4. c3 f5 5. e3 Be7 6. Bc4 d6 7. Nh3 O-O 8. Nd2
Nc6 9. Nf4 Rb8 10. h4 b5 11. Bd5 Qc7 12. Qh5 cxd4 13. Nf3 Bf6 14. Ng5 h6 15.
Qg6 Bxg5 16. hxg5 Ne5 17. Qh5 Ng4 18. gxh6 Nxh6 19. Qg6 Kh8 20. Rxh6+ gxh6 21.
Qxh6+ Kg8 22. Qg5+ Kh8 23. O-O-O f6 24. Rh1+ 1-0

[Event "XLIX Festival A"]
[Site "Imperia ITA"]
[Date "2007.09.05"]
[Round "5"]
[White "Del Dotto, Riccardo"]
[Black "Poloch, Petr"]
[WhiteElo "2168"]
[BlackElo "2308"]
[Result "0-1"]
[PlyCount "58"]
[EventDate "2007.09.02"]

1. e4 c5 2. Nc3 e6 3. Nge2 a6 4. a4 Nc6 5. g3 Nf6 6. Bg2 Be7 7. O-O O-O 8. d3
Rb8 9. f4 d5 10. exd5 exd5 11. f5 g6 12. fxg6 hxg6 13. Bf4 Ra8 14. Qd2 d4 15.
Nd1 Ng4 16. h4 f6 17. Bh6 Re8 18. Nf2 Nce5 19. Ne4 Nf7 20. Bf4 g5 21. hxg5 fxg5
22. Bh3 gxf4 23. Qxf4 Nge5 24. g4 Rf8 25. N2g3 Bg5 26. Nxg5 Qxg5 27. Nf5 Bxf5
28. Qxf5 Qe3+ 29. Kg2 Ng5 0-1

[Event "XLIX Festival A"]
[Site "Imperia ITA"]
[Date "2007.09.05"]
[Round "5"]
[White "Faraci, Antonino"]
[Black "Tomassoni, Leonardo"]
[WhiteElo "2051"]
[BlackElo "1987"]
[Result "1/2-1/2"]
[PlyCount "117"]
[EventDate "2007.09.02"]

1. e4 c5 2. Nf3 d6 3. c3 Nc6 4. h3 Nf6 5. Bd3 g6 6. O-O Bxh3 7. gxh3 Qd7 8. Kh2
Bh6 9. Rh1 Nh5 10. Kg1 O-O-O 11. Bf1 Kb8 12. d4 Nf4 13. Bxf4 Bxf4 14. d5 Ne5
15. Nxe5 Bxe5 16. Nd2 h5 17. h4 Rdg8 18. Bh3 Qb5 19. Nf3 Bf4 20. b3 f6 21. c4
Qe8 22. Be6 Rg7 23. Kf1 g5 24. hxg5 fxg5 25. Ke2 Qf8 26. Qd3 Qf6 27. Rab1 g4
28. Ne1 h4 29. Ng2 Be5 30. Rbg1 Bd4 31. Rf1 h3 32. Ne1 h2 33. f3 g3 34. Ng2 Rf8
35. Bf5 Re8 36. Kd1 Bf2 37. Kc2 Bd4 38. Rb1 Rh8 39. b4 b6 40. bxc5 Bxc5 41.
Rbd1 Qf8 42. Qb3 Rf7 43. a4 a5 44. f4 Rxf5 45. exf5 Qxf5+ 46. Qd3 Qh3 47. Qf3
Bf2 48. Rd2 Qf5+ 49. Kb3 Bg1 50. Qd3 Qg4 51. Qe2 Qg7 52. Ka2 Qc3 53. Rc2 Qb4
54. Qd3 Qxa4+ 55. Kb1 Rg8 56. Rb2 Rc8 57. Ne3 Ka7 58. Ra2 Qb4+ 59. Rb2 1/2-1/2

[Event "XLIX Festival A"]
[Site "Imperia ITA"]
[Date "2007.09.05"]
[Round "5"]
[White "Gioseffi, Massimiliano"]
[Black "Moncelli, Giorgio"]
[WhiteElo "2014"]
[BlackElo "2147"]
[Result "1/2-1/2"]
[PlyCount "57"]
[EventDate "2007.09.02"]

1. d4 d5 2. c4 c6 3. Nf3 Nf6 4. Nc3 a6 5. e3 Bg4 6. Be2 e6 7. Qb3 b5 8. c5 Nbd7
9. a4 Be7 10. O-O Ne4 11. Bd3 Bf5 12. Qc2 Nxc3 13. Qxc3 Bxd3 14. Qxd3 O-O 15.
b4 Qc7 16. Bb2 Bf6 17. e4 dxe4 18. Qxe4 Rfb8 19. a5 Rd8 20. Ne5 Rac8 21. f4 g6
22. g4 Bg7 23. g5 Nf8 24. Rad1 Rd5 25. Rd3 Rcd8 26. Rfd1 Nd7 27. h4 Nxe5 28.
dxe5 Qd7 29. Rd4 1/2-1/2

[Event "XLIX Festival A"]
[Site "Imperia ITA"]
[Date "2007.09.05"]
[Round "5"]
[White "Jurek, Josef"]
[Black "Luciani, Carlo"]
[WhiteElo "2350"]
[BlackElo "2237"]
[Result "1/2-1/2"]
[PlyCount "45"]
[EventDate "2007.09.02"]

1. Nf3 Nf6 2. c4 g6 3. d4 Bg7 4. g3 d6 5. Bg2 O-O 6. Nc3 Nc6 7. O-O Bf5 8. b3
e5 9. d5 Ne7 10. h3 Ne4 11. Bb2 Nxc3 12. Bxc3 Be4 13. Re1 h6 14. Bf1 Qc8 15.
Kh2 g5 16. Ng1 Qd7 17. a4 a5 18. Ra2 b6 19. e3 Bh7 20. f3 f5 21. Rg2 Rf7 22.
Ne2 Ng6 23. Rg1 1/2-1/2

[Event "XLIX Festival A"]
[Site "Imperia ITA"]
[Date "2007.09.05"]
[Round "5"]
[White "Lacrosse, Marc"]
[Black "Isonzo, David"]
[WhiteElo "2301"]
[BlackElo "2356"]
[Result "0-1"]
[PlyCount "44"]
[EventDate "2007.09.02"]

1. d4 d5 2. c4 dxc4 3. Nf3 Nf6 4. e3 e6 5. Bxc4 c5 6. Qe2 a6 7. dxc5 Bxc5 8. e4
b5 9. Bd3 Nc6 10. a3 Ng4 11. O-O Qc7 12. g3 h5 13. Kg2 h4 14. b4 Nd4 15. Nxd4
Bxd4 16. Qxg4 Bxa1 17. Bf4 Qd7 18. Rd1 e5 19. Qg5 f6 20. Qg6+ Qf7 21. Bxb5+
axb5 22. Rd8+ Ke7 0-1

[Event "XLIX Festival A"]
[Site "Imperia ITA"]
[Date "2007.09.05"]
[Round "5"]
[White "Mazur, Stefan"]
[Black "Froeschl, Felix"]
[WhiteElo "2070"]
[BlackElo "2191"]
[Result "1-0"]
[PlyCount "33"]
[EventDate "2007.09.02"]

1. e4 c5 2. Nf3 d6 3. d4 cxd4 4. Nxd4 Nf6 5. Nc3 a6 6. f4 e5 7. Nf3 Qc7 8. Bd3
Nbd7 9. O-O b5 10. Qe1 Bb7 11. a3 g6 12. Qh4 Bg7 13. fxe5 dxe5 14. Bh6 O-O 15.
Ng5 Nh5 16. Bxg7 Kxg7 17. Rxf7+ 1-0

[Event "XLIX Festival A"]
[Site "Imperia ITA"]
[Date "2007.09.05"]
[Round "5"]
[White "Mela, Riccardo"]
[Black "Malano, Francesco"]
[WhiteElo "2044"]
[BlackElo "1980"]
[Result "1-0"]
[PlyCount "135"]
[EventDate "2007.09.02"]

1. e4 c5 2. Nf3 Nc6 3. d3 e6 4. g3 d6 5. Bg2 Nf6 6. O-O Be7 7. b3 O-O 8. Bb2
Bd7 9. Nbd2 Qc7 10. Re1 Rad8 11. d4 cxd4 12. Nxd4 Nxd4 13. Bxd4 Bc6 14. Qe2 b6
15. c4 Nd7 16. Rad1 Rfe8 17. Nf1 Bf8 18. Ne3 Qb7 19. Qc2 Nc5 20. f3 a5 21. Bc3
Rd7 22. Re2 Red8 23. Nd5 Rc8 24. Qd2 Rdd8 25. Nf4 Be7 26. Nh5 e5 27. g4 Ne6 28.
Qe1 g6 29. Ng3 Nf4 30. Rc2 Nxg2 31. Rxg2 Rf8 32. Qe3 f6 33. Qh6 Rf7 34. h4 Bf8
35. Qd2 Be7 36. h5 Bf8 37. Rh2 Bd7 38. Qg2 Rg7 39. hxg6 hxg6 40. Qd2 Be8 41. a4
Rcc7 42. Kg2 Rh7 43. Rxh7 Rxh7 44. Qd5+ Qxd5 45. Rxd5 Rc7 46. Bd2 Be7 47. Be3
Rc6 48. Ne2 Bf7 49. Rd3 Be6 50. Nc3 Kf7 51. Nb5 g5 52. Na7 Rc5 53. Bxc5 dxc5
54. Nc6 Ke8 55. Na7 Bd7 56. Kf2 Bf8 57. Ke3 Be7 58. Rd1 Bf8 59. Rh1 Kf7 60.
Rh7+ Bg7 61. Kd3 Kg6 62. Rh1 Kf7 63. Ke3 Bf8 64. Nb5 Be7 65. Rh7+ Ke6 66. Nc7+
Kd6 67. Nd5 Bd8 68. Rh8 1-0

[Event "XLIX Festival A"]
[Site "Imperia ITA"]
[Date "2007.09.05"]
[Round "5"]
[White "Mercandelli, Claudio"]
[Black "Schrott, Ernst"]
[WhiteElo "1993"]
[BlackElo "2103"]
[Result "1-0"]
[PlyCount "73"]
[EventDate "2007.09.02"]

1. Nf3 g6 2. c4 Bg7 3. Nc3 c5 4. g3 Nc6 5. Bg2 Nh6 6. h3 O-O 7. O-O d6 8. d3 f5
9. Ng5 e6 10. f4 Nf7 11. e4 Nxg5 12. fxg5 Ne5 13. Be3 Rb8 14. Qd2 a6 15. Rae1
b5 16. b3 b4 17. Ne2 Bb7 18. d4 Nd7 19. Rd1 fxe4 20. dxc5 Rxf1+ 21. Kxf1 Qf8+
22. Kg1 d5 23. cxd5 Nxc5 24. Nf4 Bc3 25. Qc2 e5 26. Ne2 Rc8 27. Nxc3 Nd3 28.
Bxe4 Rxc3 29. Qd2 Nc5 30. Bg2 Rd3 31. Qe2 Rc3 32. Rc1 e4 33. Rxc3 bxc3 34. Qc4
Nd7 35. Bxe4 Ne5 36. Qxc3 Nf3+ 37. Kg2 1-0

[Event "XLIX Festival A"]
[Site "Imperia ITA"]
[Date "2007.09.05"]
[Round "5"]
[White "Morselli, Stefano"]
[Black "Raineri, Valerio"]
[WhiteElo "1860"]
[BlackElo "2108"]
[Result "0-1"]
[PlyCount "65"]
[EventDate "2007.09.02"]

1. Nf3 Nf6 2. g3 g6 3. Bg2 Bg7 4. d3 d6 5. e4 e5 6. O-O O-O 7. Nc3 c6 8. Bd2
Ne8 9. Nh4 Na6 10. Qc1 Nac7 11. f4 f5 12. fxe5 dxe5 13. Bg5 Qd6 14. Be3 Be6 15.
Qd2 Rf7 16. Bh3 f4 17. Bxe6 Nxe6 18. Qf2 Ng5 19. Bc5 Qf6 20. Kg2 b6 21. Ba3 Qe6
22. Nf3 Nh3 23. Qd2 g5 24. Nxg5 Nxg5 25. gxf4 Qg4+ 26. Kh1 Rxf4 27. Ne2 Nf3 28.
Qe3 Rf6 29. d4 Bh6 30. Qb3+ Kh8 31. Rf2 Nxd4 32. Nxd4 Rxf2 33. Rg1 0-1

[Event "XLIX Festival A"]
[Site "Imperia ITA"]
[Date "2007.09.05"]
[Round "5"]
[White "Payen, Arnaud"]
[Black "Vrana, Frantisek"]
[WhiteElo "2392"]
[BlackElo "2304"]
[Result "1/2-1/2"]
[PlyCount "39"]
[EventDate "2007.09.02"]

1. d4 Nf6 2. Nf3 g6 3. Bf4 Bg7 4. e3 d6 5. Be2 O-O 6. O-O Nfd7 7. Nc3 e5 8. Bg3
Nc6 9. Bh4 f6 10. dxe5 dxe5 11. e4 Ne7 12. Nd2 Nc5 13. Nc4 Be6 14. f3 Qe8 15.
Bf2 Rd8 16. Qc1 Na4 17. Nxa4 Qxa4 18. b3 Qe8 19. Qa3 Nc6 20. c3 1/2-1/2

[Event "XLIX Festival A"]
[Site "Imperia ITA"]
[Date "2007.09.05"]
[Round "5"]
[White "Scotti, Umberto"]
[Black "Pesce, Gabriele"]
[WhiteElo "2199"]
[BlackElo "2000"]
[Result "1/2-1/2"]
[PlyCount "85"]
[EventDate "2007.09.02"]

1. Nf3 Nf6 2. b3 g6 3. Bb2 Bg7 4. g3 O-O 5. Bg2 c6 6. c4 d5 7. O-O Re8 8. d3
Bg4 9. Nbd2 Nbd7 10. h3 Bxf3 11. Nxf3 e5 12. Nd2 Qe7 13. Rc1 Rac8 14. cxd5 cxd5
15. Rxc8 Rxc8 16. Qb1 Nb8 17. Rc1 Nc6 18. Qc2 Bh6 19. e3 Bf8 20. Nf3 Re8 21. a3
a5 22. Nd2 Qe6 23. Nb1 h5 24. Nd2 Nd7 25. Nf3 Qd6 26. h4 Bg7 27. Bh3 f5 28. Ng5
Nf6 29. Qc5 Qxc5 30. Rxc5 e4 31. d4 Bf8 32. Rc1 Nh7 33. Nxh7 Kxh7 34. Bf1 Kg7
35. Bb5 Re6 36. Kf1 Kf7 37. Ke2 Ke8 38. Kd2 Kd8 39. Kc2 Ke8 40. Kd2 Kd8 41. Kc2
Na7 42. Be2 Rc6+ 43. Kd2 1/2-1/2

[Event "XLIX Festival A"]
[Site "Imperia ITA"]
[Date "2007.09.05"]
[Round "5"]
[White "Stoppa, Omar"]
[Black "Ricca, Giorgio"]
[WhiteElo "2226"]
[BlackElo "2053"]
[Result "1-0"]
[PlyCount "131"]
[EventDate "2007.09.02"]

1. e4 e5 2. Nf3 Nf6 3. Nxe5 d6 4. Nf3 Nxe4 5. d3 Nf6 6. d4 Be7 7. Bd3 O-O 8. h3
d5 9. Bf4 Nbd7 10. O-O b6 11. Re1 c6 12. Ne5 Bb7 13. Ba6 Qc8 14. Bxb7 Qxb7 15.
Nxc6 Qxc6 16. Rxe7 Qb5 17. b3 Rfe8 18. Re3 Rxe3 19. Bxe3 Ne4 20. c4 dxc4 21.
Na3 Qb4 22. Nxc4 Rd8 23. Qd3 Nef6 24. f3 Nc5 25. Qc2 Ne6 26. a3 Qb5 27. Rd1 Nd5
28. Bc1 Rc8 29. Qb2 Qc6 30. a4 a6 31. Bd2 b5 32. axb5 axb5 33. Ne3 Nxe3 34.
Bxe3 Qc3 35. Qc1 Nxd4 36. Rxd4 Qxc1+ 37. Bxc1 Rxc1+ 38. Kf2 Rc8 39. Rd5 Rb8 40.
Ke3 g6 41. b4 Kg7 42. Kd4 Kf6 43. Rd6+ Kf5 44. g3 h5 45. h4 Rb7 46. Kc5 Rb8 47.
Rd3 Ke6 48. Kc6 f6 49. Rd6+ Ke7 50. Rd7+ Ke6 51. Rg7 Kf5 52. g4+ hxg4 53. fxg4+
Kxg4 54. Rxg6+ Kf5 55. Rh6 Ke5 56. h5 f5 57. Rh7 Ke6 58. h6 f4 59. Rd7 Kf5 60.
h7 f3 61. Rb7 Rf8 62. Rf7+ Rxf7 63. h8=Q f2 64. Qh5+ Kf6 65. Qxb5 Kg7 66. Qf1
1-0

[Event "XLIX Festival A"]
[Site "Imperia ITA"]
[Date "2007.09.05"]
[Round "5"]
[White "Sulava, Nenad"]
[Black "Di Paolo, Raffaele"]
[WhiteElo "2544"]
[BlackElo "2357"]
[Result "1-0"]
[PlyCount "72"]
[EventDate "2007.09.02"]

1. Nf3 Nf6 2. d4 g6 3. c4 Bg7 4. Nc3 O-O 5. Bg5 d6 6. e3 c5 7. d5 h6 8. Bh4 Qa5
9. Nd2 a6 10. Bd3 Nbd7 11. f4 Rb8 12. O-O Re8 13. Kh1 Nh7 14. Qc2 Ndf8 15. a4
Bd7 16. h3 Bxc3 17. bxc3 Qc7 18. e4 e6 19. Nf3 exd5 20. cxd5 b5 21. axb5 axb5
22. e5 Bc8 23. Rae1 c4 24. Be4 b4 25. cxb4 Rxb4 26. exd6 Qxd6 27. Bxg6 Rxe1 28.
Bxh7+ Nxh7 29. Rxe1 Bd7 30. Ne5 Qxd5 31. Kh2 Bc6 32. Ng4 Rb3 33. Nxh6+ Kh8 34.
Re7 Rd3 35. Nxf7+ Kg8 36. Nh6+ Kf8 1-0

[Event "XLIX Festival A"]
[Site "Imperia ITA"]
[Date "2007.09.05"]
[Round "5"]
[White "Zsifkovits, Robert"]
[Black "Mozny, Milos"]
[WhiteElo "2159"]
[BlackElo "2373"]
[Result "0-1"]
[PlyCount "64"]
[EventDate "2007.09.02"]

1. e4 c5 2. Nf3 e6 3. Nc3 d6 4. d4 cxd4 5. Nxd4 Be7 6. Be3 Nf6 7. Be2 Nc6 8.
O-O O-O 9. f4 Bd7 10. Kh1 Nxd4 11. Bxd4 Bc6 12. Bf3 Nd7 13. Be3 Qc7 14. Qd2 b5
15. Rae1 Qb7 16. a3 a5 17. Bf2 b4 18. axb4 axb4 19. Nd1 f5 20. Qe3 e5 21. Bg3
fxe4 22. Bxe4 d5 23. Bf3 Bc5 24. Qb3 exf4 25. Bh4 Rae8 26. Nf2 g5 27. Rxe8 Rxe8
28. Bxg5 Bxf2 29. Bxf4 Nc5 30. Qa2 Ne4 31. Bh5 Rf8 32. Be5 Qe7 0-1

[Event "XLIX Festival A"]
[Site "Imperia ITA"]
[Date "2007.09.06"]
[Round "6"]
[White "De Santis, Alessio"]
[Black "Ricca, Giorgio"]
[WhiteElo "2345"]
[BlackElo "2053"]
[Result "1-0"]
[PlyCount "74"]
[EventDate "2007.09.02"]

1. d4 d5 2. c4 dxc4 3. Nf3 Nf6 4. g3 b5 5. a4 b4 6. Bg2 Bb7 7. O-O e6 8. Bg5
Nbd7 9. Qc1 a5 10. Nbd2 Be7 11. Nxc4 O-O 12. Rd1 h6 13. Bxf6 Nxf6 14. Nfe5 Bxg2
15. Kxg2 Ra6 16. f3 Qa8 17. e4 Rd8 18. Qe3 Nd7 19. Nxd7 Rxd7 20. Rd3 Qd8 21.
Rad1 f6 22. b3 Ra8 23. Qd2 c6 24. Qc2 Rc8 25. Ne3 Kh8 26. Qc4 Rd6 27. Qc2 Qc7
28. h4 g5 29. hxg5 hxg5 30. Nc4 Rd7 31. d5 cxd5 32. exd5 exd5 33. Rxd5 Rxd5 34.
Rh1+ Kg7 35. Rh7+ Kf8 36. Qg6 Bd8 37. Rh8+ Ke7 1-0